000 00973nam a22002657a 4500
001 BD-DhSAU 9278
003 BD-DhSAU
005 20260512115935.0
008 260512b2018 bg a|||| m||| 00| 0 eng d
040 _aBD-DhSAU
082 _222
_a631.4
_bSh33
100 _aDAS, HURASHI RANI
_eRegistration # 22010058
245 _aResponse of nitrogen and boron on the growth and yield of cauliflower /
_bMS thesis
260 _aSher-e-Bangla Agricultural University;
_bDepartment of Soil Science, ;
_c2024.
300 _axii, 106p. :
_bill. ;
_c30 cm.
500 _aMS thesis of Department of Soil Science, ;, Faculty of Agriculture. Sher-e-Balgla Agricultural University Dhaka-1207
504 _aIncludes bibliographical reference.
590 _aNazmul
650 _anitrogen and boron
650 _acauliflower
700 _aProf. Dr. Alok Kumar Paul
_eSuperviser
710 _eCo-Superviser
_aProf. Dr. Md. Asaduzzaman Khan
942 _2ddc
_cTHESIS
999 _c18386
_d18385